000 01076cam a22002054a 4500
005 20250605163923.0
008 250528s ||||||||||||||||||||||||d
035 _a14460
020 _a130481181
040 _aGR-AtMCL
_bgre
_dGR-AtMCL
_eAACR2
245 1 _aDrugs and Behavior / An Introduction to Behavioral Pharmacology: Fifth Edition
250 _a5th
260 _bPrentice Hall,
_c1987
300 _a382
520 _aPreface, Some Basic Pharmacology, Research Design and the Behavioral Analysis of Drug Effects, Tolerance and Withdrawal and Sensitization and Conditioning of Drug Effects, Neurophysiology and Neurotransmitters and the Nervous System, Dependence and Addiction and the Self-Administration of Drugs, Alcohol, Tranquilizers and Sedative Hypnotics, Inhaled Substances, Tobacco and Nicotine, Caffeine and the Methylxanthines, Psychomotor Stimulants, The Opiates, Antipsychotic Drugs, Antidepressants and Mood Stabilizers, Cannabis, Hallucinogens, References, Index.
700 1 _aMckim William
_9137
942 _cBK
999 _c90
_d90